Gaming Quiz

Random Gaming or Video Games Quiz

Video Game Currency Quiz Stats

 Plays Quiz not verified by Sporcle

Challenge
Share
Tweet
Embed
Score 0/10 Timer 00:45
0 Plays Today
% Correct
The Legend of Zelda
81.4%
Fallout
77%
Zork
72.6%
The Sims
69.9%
Final Fantasy
64.6%
Kingdom Hearts
54.9%
The Elder Scrolls
54%
BioShock Infinite
46%
Dragon Age
33.6%
Halo
25.7%

You're not logged in!

Compare scores with friends on all Sporcle quizzes.
OR
Log In

You Might Also Like...

Show Comments

Extras

Top Quizzes Today


Score Distribution

Your Account Isn't Verified!

In order to create a playlist on Sporcle, you need to verify the email address you used during registration. Go to your Sporcle Settings to finish the process.

Report this User

Report this user for behavior that violates our Community Guidelines.

Details: